[Event "Bled op"]
[Site "Bled"]
[Date "2001.03.31"]
[Round "8"]
[White "Rogulj, Branko"]
[Black "Sveshnikov, Evgeny"]
[Result "1/2-1/2"]
[WhiteElo "2437"]
[BlackElo "2561"]
[PlyCount "24"]
[EventDate "2001.03.24"]
[Source "ChessBase"]
[SourceDate "2001.05.06"]

1. e4 c5 2. Nc3 Nc6 3. g3 g6 4. Bg2 Bg7 5. d3 d6 6. f4 e6 7. Nf3 Nge7 8. O-O O-O 9. Be3 Nd4 10. e5 Nef5 11. Bf2 Bd7 12. Nd2 Bc6 1/2-1/2

[Event "Dieren op"]
[Site "Dieren"]
[Date "2001.07.21"]
[Round "5"]
[White "Van der Weide, Karel"]
[Black "Rogozenko, Dorian"]
[Result "1/2-1/2"]
[WhiteElo "2448"]
[BlackElo "2548"]
[PlyCount "64"]
[EventDate "2001.07.17"]
[Source "ChessBase"]
[SourceDate "2001.09.11"]

1. e4 c5 2. Nc3 Nc6 3. g3 g6 4. Bg2 Bg7 5. d3 d6 6. f4 e6 7. Nf3 Nge7 8. O-O O-O 9. h4 h5 10. Be3 b6 11. Ng5 d5 12. Bf2 dxe4 13. dxe4 Ba6 14. Re1 Qc7 15. e5 Rad8 16. Qb1 Nf5 17. Nce4 Ncd4 18. a4 Rd7 19. Ra3 Nh6 20. Kh1 Ng4 21. Bg1 Bb7 22. Rd3 Rfd8 23. Qd1 Bc6 24. b3 Nxb3 25. Nd6 Nd4 26. Bxd4 cxd4 27. Qd2 Ne3 28. Be4 Nf5 29. Nb5 Bxe4+ 30. Nxe4 Qc4 31. Ned6 Qxa4 32. Ra3 Nxd6 1/2-1/2

[Event "It (Open) Mar Del Plata ARG"]
[Site "?"]
[Date "2006.04.13"]
[Round "7"]
[White "Rodriguez Andres"]
[Black "Flores Diego"]
[Result "0-1"]
[WhiteElo "2502"]
[BlackElo "2494"]
[PlyCount "166"]
[EventDate "2006.??.??"]
[Source "www.chesslib.no"]
[SourceDate "2004.05.04"]

1. e4 c5 2. Nc3 Nc6 3. g3 g6 4. Bg2 Bg7 5. d3 d6 6. f4 Nf6 7. Nf3 O-O 8. O-O Rb8 9. h3 b5 10. g4 b4 11. Ne2 a5 12. Be3 Ba6 13. b3 Ne8 14. Rc1 Nc7 15. f5 Nb5 16. Qd2 Nbd4 17. Nexd4 cxd4 18. Bh6 Qb6 19. Bxg7 Kxg7 20. Qf2 Qc5 21. g5 Kh8 22. Qh4 Rg8 23. Qh6 gxf5 24. Nh4 f4 25. Nf5 Rg6 26. Qh4 e5 27. Nh6 Qa7 28. Ng4 Rbg8 29. Nf6 R8g7 30. Kh1 Qe7 31. Nh5 Qxg5 32. Qxg5 Rxg5 33. Nxg7 Kxg7 34. Rg1 Kf8 35. Bf3 Rxg1+ 36. Rxg1 Na7 37. Bg4 Nb5 38. Bf5 Na3 39. Rg2 h6 40. h4 Bb7 41. Kh2 d5 42. Re2 dxe4 43. Bxe4 Bxe4 44. Rxe4 f6 45. Re2 h5 46. Kg2 Kf7 47. Kf3 Nb5 48. Re1 Nd6 49. Ra1 Nb5 50. Re1 Nc3 51. Rg1 a4 52. bxa4 Nxa4 53. Rb1 Nc3 54. Rxb4 Nxa2 55. Rb7+ Kg6 56. Rb8 Nc3 57. Rg8+ Kf7 58. Rh8 Nd5 59. Rc8 Ne7 60. Rc7 Ke6 61. Ke4 f5+ 62. Kf3 Ng6 63. Rc6+ Kf7 64. Rc7+ Kf8 65. Rh7 Nxh4+ 66. Kf2 Ng6 67. Rxh5 Ne7 68. Rh6 Kf7 69. Rd6 Ng8 70. Kf3 Nf6 71. Ra6 Nh7 72. Ra7+ Kg6 73. Ra6+ Kh5 74. Ra5 Ng5+ 75. Kf2 e4 76. Rxf5 e3+ 77. Kf1 Kg4 78. Rd5 Nf3 79. Ke2 Kg3 80. Rd8 Ne5 81. Rxd4 Ng4 82. Ra4 f3+ 83. Ke1 Nh2 0-1

[Event "GER-W chT 7778"]
[Site "GER"]
[Date "1978.??.??"]
[Round "?"]
[White "Ostermeyer, Peter"]
[Black "Huebner, Robert"]
[Result "1-0"]
[WhiteElo "2400"]
[BlackElo "2595"]
[PlyCount "69"]
[EventDate "1977.??.??"]
[Source "www.chesslib.no"]
[SourceDate "2004.05.04"]

1. e4 c5 2. Nc3 Nc6 3. g3 g6 4. Bg2 Bg7 5. d3 d6 6. f4 e5 7. Nh3 Nge7 8. O-O O-O 9. f5 f6 10. g4 Nd4 11. Ne2 Nxe2+ 12. Qxe2 d5 13. c3 d4 14. c4 Rb8 15. Nf2 Rf7 16. h4 Qf8 17. Nh1 Bh6 18. g5 Bg7 19. Ng3 Kh8 20. h5 gxf5 21. g6 f4 22. gxf7 fxg3 23. h6 Bxh6 24. Rxf6 Bg7 25. Bg5 b5 26. Qh5 Rb6 27. Raf1 Ng6 28. Rxb6 axb6 29. Bh3 Bxh3 30. Qxh3 bxc4 31. dxc4 h6 32. Qh5 Kh7 33. Bxh6 Bxh6 34. Rf6 Qg7 35. Rxg6 1-0

[Event "Bucharest Spring"]
[Site "Bucharest"]
[Date "2001.04.09"]
[Round "4"]
[White "Slovineanu, Viacheslav"]
[Black "Istratescu, Andrei"]
[Result "0-1"]
[WhiteElo "2412"]
[BlackElo "2582"]
[PlyCount "66"]
[EventDate "2001.04.06"]
[Source "ChessBase"]
[SourceDate "2001.07.03"]

1. e4 c5 2. Nc3 Nc6 3. g3 g6 4. Bg2 Bg7 5. d3 d6 6. f4 e5 7. Nf3 Nge7 8. O-O O-O 9. Be3 Nd4 10. Qd2 Rb8 11. Rf2 b5 12. Raf1 b4 13. Nd1 Nxf3+ 14. Rxf3 Bg4 15. R3f2 exf4 16. gxf4 f5 17. c4 Qc7 18. h3 Bh5 19. b3 Kh8 20. Re1 Nc6 21. Rff1 Nd4 22. Qf2 Rbe8 23. Kh1 g5 24. Bxd4 Bxd4 25. Qg3 fxe4 26. fxg5 Rxf1+ 27. Bxf1 Qf7 28. Bg2 exd3 29. Rf1 Qe7 30. g6 d2 31. gxh7 Bxd1 32. Bd5 Qxh7 33. Rxd1 Re1+ 0-1

[Event "Val Maubuee"]
[Site "Val Maubuee"]
[Date "1989.??.??"]
[Round "3"]
[White "Abramovic, Bosko"]
[Black "Kosten, Anthony C"]
[Result "1/2-1/2"]
[WhiteElo "2485"]
[BlackElo "2505"]
[PlyCount "123"]
[EventDate "1989.04.??"]
[Source "www.chesslib.no"]
[SourceDate "2004.05.04"]

1. e4 c5 2. Nc3 Nc6 3. g3 g6 4. Bg2 Bg7 5. d3 d6 6. f4 Nf6 7. Nf3 O-O 8. O-O Bg4 9. h3 Bxf3 10. Qxf3 Rb8 11. g4 Nd4 12. Qf2 b5 13. Nd1 b4 14. c3 bxc3 15. bxc3 Nd7 16. Be3 Nb5 17. d4 Qa5 18. e5 Nb6 19. dxc5 Nc4 20. cxd6 exd6 21. a4 dxe5 22. Bc5 Rfd8 23. Ne3 Nbd6 24. Nxc4 Nxc4 25. fxe5 Qc7 26. e6 fxe6 27. Bd4 Rb2 28. Qe1 Bxd4+ 29. cxd4 Qb6 30. Kh1 Rxd4 31. Qg3 Nd2 32. Rfe1 Rd6 33. Rac1 Qd4 34. Rc8+ Rd8 35. Qc7 Rxc8 36. Qxc8+ Kg7 37. Qxe6 Rb8 38. Qe7+ Kh8 39. g5 Nc4 40. Qf7 Nd6 41. Qd7 a6 42. Qc6 Rf8 43. Qxa6 Nf5 44. Qb5 Ne3 45. Bb7 Qc3 46. Qe2 Qb4 47. Bc6 Qc3 48. Be4 Nc2 49. Rg1 Qxh3+ 50. Qh2 Qxh2+ 51. Kxh2 Ne3 52. Ra1 Rf4 53. Bd3 Rd4 54. Ra3 Nc4 55. Bxc4 Rxc4 56. a5 Rc7 57. a6 Ra7 58. Kg3 Kg7 59. Kg4 h6 60. gxh6+ Kxh6 61. Ra1 Kg7 62. Kg5 1/2-1/2

[Event "Sarajevo"]
[Site "Sarajevo BIH"]
[Date "1971.??.??"]
[Round "13"]
[White "Saidy, Anthony F"]
[Black "Matulovic, Milan"]
[Result "0-1"]
[WhiteElo "2440"]
[BlackElo "2550"]
[PlyCount "54"]
[EventDate "1971.??.??"]
[Source "www.chesslib.no"]
[SourceDate "2004.05.04"]

1. e4 c5 2. Nc3 Nc6 3. g3 g6 4. Bg2 Bg7 5. d3 d6 6. f4 e6 7. Nf3 Nge7 8. O-O O-O 9. Be3 Nd4 10. Qd2 Rb8 11. Nd1 b6 12. c3 Nxf3+ 13. Bxf3 d5 14. e5 d4 15. cxd4 cxd4 16. Bf2 Bb7 17. Bxb7 Rxb7 18. Rc1 Qd5 19. Rc4 Nc6 20. Qc2 Rc7 21. Be1 Rfc8 22. Nf2 b5 23. Rc5 Nxe5 24. Rxc7 Nf3+ 25. Kh1 Nxe1+ 26. Ne4 Rxc7 27. Qxc7 Nxd3 0-1

[Event "JUG-ch"]
[Site "JUG"]
[Date "1989.??.??"]
[Round "?"]
[White "Abramovic, Bosko"]
[Black "Cebalo, Miso"]
[Result "0-1"]
[WhiteElo "2485"]
[BlackElo "2505"]
[PlyCount "52"]
[EventDate "1989.02.??"]
[Source "ChessBase"]

1. e4 c5 2. Nc3 Nc6 3. g3 g6 4. Bg2 Bg7 5. d3 d6 6. f4 e6 7. Nf3 Nge7 8. O-O O-O 9. Be3 Nd4 10. e5 Qb6 11. Rb1 Nef5 12. Bf2 Nxf3+ 13. Bxf3 dxe5 14. fxe5 Bxe5 15. Na4 Qc7 16. Bxc5 Bd7 17. Bxf8 Rxf8 18. Nc3 Ne3 19. Qd2 Nxf1 20. Kxf1 Rc8 21. Bd1 Qa5 22. d4 Bg7 23. a3 Rc4 24. d5 exd5 25. Qxd5 Bh3+ 26. Ke1 Bxc3+ 0-1

[Event "New York op"]
[Site "New York"]
[Date "1988.??.??"]
[Round "?"]
[White "Abramovic, Bosko"]
[Black "Damljanovic, Branko"]
[Result "1/2-1/2"]
[WhiteElo "2460"]
[BlackElo "2525"]
[PlyCount "120"]
[EventDate "1988.03.??"]
[Source "ChessBase"]

1. e4 c5 2. Nc3 Nc6 3. g3 g6 4. Bg2 Bg7 5. d3 d6 6. f4 e6 7. Nf3 Nge7 8. O-O O-O 9. Be3 Nd4 10. e5 Nef5 11. Bf2 Nxf3+ 12. Qxf3 Nd4 13. Qd1 dxe5 14. fxe5 Bxe5 15. Ne4 f5 16. Nxc5 Qc7 17. b4 Nc6 18. d4 Bf6 19. c3 Rb8 20. Qb3 Nd8 21. Be3 Be7 22. d5 exd5 23. Qxd5+ Nf7 24. Bf4 Bd6 25. Bxd6 Qxd6 26. Rad1 Qc7 27. Rfe1 b6 28. Ne6 Bxe6 29. Qxe6 Rbd8 30. c4 Kg7 31. Rxd8 Rxd8 32. Bd5 Rd7 33. Qe3 Qd8 34. Qc3+ Qf6 35. Qxf6+ Kxf6 36. Re6+ Kg7 37. a4 Nh6 38. a5 bxa5 39. b5 Ng4 40. Ra6 Ne3 41. Bc6 Rd1+ 42. Kf2 Nxc4 43. Rxa7+ Kh6 44. Bf3 Rd2+ 45. Be2 Ra2 46. Kf3 Nd6 47. Ke3 a4 48. h4 Rb2 49. Rxa4 Nxb5 50. Bxb5 Rxb5 51. Ra7 Kh5 52. Rxh7+ Kg4 53. Rg7 Rb6 54. Kf2 Rb2+ 55. Ke3 Rb3+ 56. Kf2 Rf3+ 57. Ke2 Rxg3 58. Rxg6+ Kxh4 59. Ra6 Rb3 60. Kf2 Kg4 1/2-1/2

[Event "ROM-chT"]
[Site "Eforie Nord"]
[Date "2000.12.20"]
[Round "3"]
[White "Slovineanu, Viacheslav"]
[Black "Nevednichy, Vladislav"]
[Result "1/2-1/2"]
[WhiteElo "2402"]
[BlackElo "2582"]
[PlyCount "37"]
[EventDate "2000.12.18"]
[Source "ChessBase"]
[SourceDate "2001.03.20"]

1. e4 c5 2. Nc3 Nc6 3. g3 g6 4. Bg2 Bg7 5. d3 d6 6. f4 b6 7. Nf3 Bb7 8. O-O Qc7 9. Be3 Nd4 10. Qd2 e6 11. Qf2 Nh6 12. h3 Nxf3+ 13. Bxf3 f5 14. d4 fxe4 15. Nxe4 d5 16. Nd2 Nf5 17. c3 O-O 18. Bg4 e5 19. fxe5 1/2-1/2

[Event "ROM-chT"]
[Site "?"]
[Date "2000.??.??"]
[Round "4"]
[White "Slovineanu Viacheslav"]
[Black "Istratescu Andrei"]
[Result "0-1"]
[WhiteElo "2425"]
[BlackElo "2556"]
[PlyCount "74"]
[EventDate "2000.??.??"]
[Source "www.chesslib.no"]
[SourceDate "2004.05.04"]

1. e4 c5 2. Nc3 Nc6 3. g3 g6 4. Bg2 Bg7 5. d3 d6 6. f4 e5 7. Nh3 Nge7 8. O-O Nd4 9. Rf2 O-O 10. Qf1 exf4 11. Bxf4 h6 12. Re1 Bg4 13. Nd1 g5 14. Bc1 Bxd1 15. Rxd1 Qd7 16. c3 Ndc6 17. Qe2 Qe6 18. a3 Rae8 19. Re1 Ne5 20. Rff1 d5 21. Nf2 d4 22. cxd4 cxd4 23. b4 g4 24. Bf4 N7g6 25. Rc1 h5 26. Rc7 Re7 27. Rfc1 Rxc7 28. Rxc7 Rc8 29. Rxc8+ Qxc8 30. h3 Nxf4 31. gxf4 Qc1+ 32. Qd1 Qxf4 33. hxg4 hxg4 34. Qc2 Bh6 35. Qc8+ Kg7 36. Qf5 Qc1+ 37. Bf1 Nf3+ 0-1

[Event "Gleisdorf op"]
[Site "Gleisdorf"]
[Date "1996.??.??"]
[Round "?"]
[White "Rogulj, Branko"]
[Black "Groszpeter, Attila"]
[Result "0-1"]
[WhiteElo "2415"]
[BlackElo "2565"]
[PlyCount "122"]
[EventDate "1996.03.??"]
[Source "ChessBase"]

1. e4 c5 2. Nc3 Nc6 3. g3 g6 4. Bg2 Bg7 5. d3 d6 6. f4 e6 7. Nf3 Nge7 8. O-O O-O 9. Be3 b6 10. d4 d5 11. exd5 Nf5 12. Bf2 Ncxd4 13. Ne5 exd5 14. Nxd5 Be6 15. Nc3 Rc8 16. Ne4 f6 17. Nf3 Nxf3+ 18. Qxf3 Nd4 19. Qd1 f5 20. Nd2 Bd5 21. Bxd5+ Qxd5 22. c3 Ne6 23. Re1 Rfd8 24. Nf3 Qxd1 25. Raxd1 Kf7 26. Kf1 Bf6 27. Ke2 Nc7 28. Rd2 Nb5 29. Red1 Rxd2+ 30. Rxd2 Ke6 31. Kd1 Nd6 32. Re2+ Ne4 33. Nd2 Rd8 34. Be1 Kf7 35. Kc2 Nxd2 36. Bxd2 c4 37. Be1 a6 38. Bf2 b5 39. Bc5 Rd5 40. Bb6 Rd6 41. Bc5 Rd3 42. Rd2 Rxd2+ 43. Kxd2 Ke6 44. Ke3 Kd5 45. Bf8 a5 46. a3 g5 47. h3 g4 48. hxg4 fxg4 49. Bh6 Be7 50. f5 Ke5 51. Bf4+ Kxf5 52. Kd4 h5 53. Bc7 Bf6+ 54. Kd5 Bg5 55. Kc5 Bf4 56. Bxf4 h4 57. Be3 h3 58. Bg1 Ke4 59. a4 bxa4 60. Kxc4 Kf3 61. Kd3 Kg2 0-1

[Event "Djakovo Open"]
[Site "Djakovo"]
[Date "1994.??.??"]
[Round "3"]
[White "Sale, Srdjan"]
[Black "Hulak, Krunoslav"]
[Result "0-1"]
[WhiteElo "2445"]
[BlackElo "2530"]
[PlyCount "116"]
[EventDate "1994.11.??"]
[Source "www.chesslib.no"]
[SourceDate "2004.05.04"]

1. e4 c5 2. Nc3 Nc6 3. g3 g6 4. Bg2 Bg7 5. d3 d6 6. f4 e6 7. Nf3 Nge7 8. O-O O-O 9. Be3 b6 10. Bf2 Bb7 11. a4 Qd7 12. d4 cxd4 13. Nxd4 Rac8 14. Nb3 Rfd8 15. Re1 Qc7 16. Re2 a6 17. Rd2 Rb8 18. Qe2 Na5 19. Nxa5 bxa5 20. Ra3 Bc6 21. Rb3 Bxc3 22. Rxc3 Rxb2 23. h4 Qb7 24. Bd4 Rd7 25. Kh2 Rb4 26. h5 Rxa4 27. Qg4 Bxe4 28. hxg6 Rxd4 29. gxf7+ Kxf7 30. Rxd4 Bxg2 31. Qh5+ Kg7 32. Rb3 Qc6 33. Qe2 Qc5 34. Qxe6 Bc6 35. Qg4+ Kf7 36. Rd2 Qf5 37. Qxf5+ Nxf5 38. g4 Ne7 39. Rb6 Bb5 40. Rdxd6 Rxd6 41. Rxd6 a4 42. Rd1 Nc6 43. Kg3 Nb4 44. Rc1 a5 45. Kf3 a3 46. Ke3 a2 47. Kd2 Nd5 48. f5 Kf6 49. Ra1 Bc4 50. Kc1 Ne3 51. Kb2 Nxg4 52. Rh1 h6 53. Rh4 Kg5 54. Rh3 h5 55. Rc3 Ne5 56. Ra3 Kxf5 57. Rxa5 h4 58. Kc3 Ke4 0-1

[Event "Buenos Aires op"]
[Site "?"]
[Date "1999.??.??"]
[Round "8"]
[White "Spangenberg Hugo"]
[Black "Fiorito Fabian"]
[Result "1-0"]
[WhiteElo "2531"]
[BlackElo "2440"]
[PlyCount "63"]
[EventDate "1999.??.??"]
[Source "www.chesslib.no"]
[SourceDate "2004.05.04"]

1. e4 c5 2. Nc3 Nc6 3. g3 g6 4. Bg2 Bg7 5. d3 d6 6. f4 e6 7. Nf3 Nge7 8. O-O O-O 9. Rb1 Rb8 10. Be3 Nd4 11. Ne2 Nec6 12. c3 Nxf3+ 13. Bxf3 b6 14. Bg2 Ne7 15. g4 f5 16. Ng3 Kh8 17. h3 Bb7 18. Qe2 Qc7 19. Rbe1 fxe4 20. Nxe4 h6 21. Bd2 Bc6 22. Ng3 Bd7 23. f5 e5 24. fxg6 Nxg6 25. Nh5 Be6 26. Be4 Ne7 27. Nxg7 Kxg7 28. Bxh6+ Kxh6 29. Qd2+ Rf4 30. Rxf4 exf4 31. Qxf4+ Kg7 32. Rf1 1-0

[Event "CRO Team Ch"]
[Site "Tucepi"]
[Date "1996.??.??"]
[Round "?"]
[White "Jurkovic, Hrvoje"]
[Black "Kozul, Zdenko"]
[Result "0-1"]
[WhiteElo "2390"]
[BlackElo "2580"]
[PlyCount "86"]
[EventDate "1996.??.??"]
[Source "www.chesslib.no"]
[SourceDate "2004.05.04"]

1. e4 c5 2. Nc3 Nc6 3. g3 g6 4. Bg2 Bg7 5. d3 d6 6. f4 Rb8 7. Nf3 b5 8. O-O b4 9. Ne2 Nf6 10. h3 O-O 11. g4 c4 12. Ng3 Qb6+ 13. Kh1 cxd3 14. cxd3 Nd7 15. Qe2 Ba6 16. Be3 Qb5 17. Rfd1 Nc5 18. Bf1 Na4 19. Rd2 Qb7 20. Qg2 Rfc8 21. d4 Bxf1 22. Rxf1 b3 23. a3 Na5 24. Rdf2 Nxb2 25. Rxb2 Nc4 26. Re2 b2 27. Rb1 Nxe3 28. Rxe3 Bxd4 29. Ree1 Bc5 30. f5 Bxa3 31. Qf1 Rc1 32. fxg6 hxg6 33. Ng5 Qb3 34. Ne2 Rxe1 35. Qxe1 f6 36. Nd4 Qd3 37. Ngf3 Rc8 38. Kg2 Rc1 39. Qa5 Qxe4 40. Qd8+ Kf7 41. Qh8 Rxb1 42. Qh7+ Ke8 43. Qg8+ Kd7 0-1

[Event "Pinamar Masters 2nd"]
[Site "Pinamar"]
[Date "2002.03.25"]
[Round "7"]
[White "Rodriguez, Andres"]
[Black "Felgaer, Ruben"]
[Result "1/2-1/2"]
[WhiteElo "2460"]
[BlackElo "2509"]
[PlyCount "113"]
[EventDate "2002.03.21"]
[Source "ChessBase"]
[SourceDate "2002.03.21"]

1. e4 c5 2. Nc3 Nc6 3. g3 g6 4. Bg2 Bg7 5. d3 d6 6. f4 e6 7. Nf3 Nge7 8. Be3 Nd4 9. O-O O-O 10. Rb1 b6 11. Ne2 Nxf3+ 12. Bxf3 Bb7 13. c3 Qd7 14. d4 cxd4 15. Bxd4 Rad8 16. Bxg7 Kxg7 17. Qd4+ f6 18. Rbd1 Qc7 19. Qd3 e5 20. c4 Qc5+ 21. Kh1 Nc6 22. a3 a5 23. Qc3 Ba6 24. Rc1 Rc8 25. Rfd1 Rfd8 26. Bg4 Rc7 27. Kg2 h5 28. Bf3 b5 29. Rd5 Qb6 30. c5 dxc5 31. fxe5 fxe5 32. Nf4 b4 33. Ne6+ Kf6 34. Qxc5 Qxc5 35. Nxc5 Bc8 36. axb4 axb4 37. Nd3 Rdd7 38. Rxd7 Bxd7 39. Nxb4 Ke6 40. Rc5 Rb7 41. Nd3 Kd6 42. Rd5+ Ke7 43. Bd1 Nb4 44. Rxe5+ Kf6 45. Nc5 Rc7 46. Nxd7+ Rxd7 47. Rb5 Rd2+ 48. Kf3 Nd3 49. Be2 Nxb2 50. Rb6+ Kf7 51. Rb4 Nd1 52. Rb3 Kf6 53. Rd3 Rxd3+ 54. Bxd3 g5 55. h4 gxh4 56. gxh4 Nc3 57. Kf4 1/2-1/2

[Event "Zhukov mem"]
[Site "?"]
[Date "2000.??.??"]
[Round "?"]
[White "Slovineanu Viacheslav"]
[Black "Vaulin Alexander"]
[Result "0-1"]
[WhiteElo "2425"]
[BlackElo "2540"]
[PlyCount "112"]
[EventDate "2000.??.??"]
[Source "www.chesslib.no"]
[SourceDate "2004.05.04"]

1. e4 c5 2. Nc3 Nc6 3. g3 g6 4. Bg2 Bg7 5. d3 d6 6. f4 e6 7. Nf3 Nge7 8. Be3 O-O 9. O-O Rb8 10. Bf2 Nd4 11. e5 Nxf3+ 12. Qxf3 b6 13. exd6 Qxd6 14. Qe2 Qd7 15. Ne4 Ba6 16. Rad1 h6 17. Rfe1 Rbd8 18. Kh1 Rfe8 19. b3 f5 20. Nd2 Nd5 21. Nb1 Nb4 22. a3 Nc6 23. Nd2 e5 24. Qf3 Bb7 25. fxe5 Na5 26. Qe2 Bxe5 27. Qf1 Nc6 28. Nf3 Bg7 29. Rxe8+ Rxe8 30. Re1 Kf7 31. Re2 Rxe2 32. Qxe2 Qe6 33. Qd2 Qf6 34. a4 Qa1+ 35. Ng1 Nd8 36. Bxb7 Nxb7 37. Qe2 Nd8 38. Kg2 Qf6 39. Qf3 Qc6 40. Ne2 g5 41. d4 cxd4 42. Bxd4 Qxc2 43. Qh5+ Kf8 44. Bxg7+ Kxg7 45. Kf2 Qc5+ 46. Kf1 Qe3 47. h4 Nf7 48. hxg5 hxg5 49. Qh1 Qxb3 50. Qc6 Nh6 51. Qc7+ Qf7 52. Qc6 Ng4 53. Nd4 Qf6 54. Qd7+ Kg6 55. Qe8+ Kh6 56. Qd7 Qe5 0-1

[Event "Manresa Open"]
[Site "Manresa"]
[Date "1993.??.??"]
[Round "8"]
[White "Castro, Oscar H"]
[Black "Spraggett, Kevin B"]
[Result "1/2-1/2"]
[WhiteElo "2410"]
[BlackElo "2555"]
[PlyCount "46"]
[EventDate "1993.??.??"]
[Source "www.chesslib.no"]
[SourceDate "2004.05.04"]

1. e4 c5 2. Nc3 Nc6 3. g3 g6 4. Bg2 Bg7 5. d3 d6 6. f4 e5 7. Nf3 Nge7 8. O-O O-O 9. Be3 Nd4 10. Qd2 Nxf3+ 11. Rxf3 exf4 12. Bxf4 Qb6 13. Rb1 Be6 14. Bh6 Nc6 15. Bxg7 Kxg7 16. Rf2 Ne5 17. b3 Rad8 18. Nd1 d5 19. exd5 Bxd5 20. Bxd5 Rxd5 21. Ne3 Rd4 22. Re1 Re8 23. Nc4 Nxc4 1/2-1/2